| 000 | 01231nam a2200253Ia 4500 | ||
|---|---|---|---|
| 003 | OSt | ||
| 005 | 20220923224325.0 | ||
| 006 | a|||||r|||| 00| 0 | ||
| 007 | ta | ||
| 008 | 220922b |||||||| |||| 00| 0 hin d | ||
| 024 | _a231,154 | ||
| 037 | _cTextual | ||
| 040 |
_aARTS _cARTS _bhin |
||
| 041 |
_2hin _ahin |
||
| 082 | _aO152,3x, M1 | ||
| 100 |
_aशास्त्री, लक्ष्मीनारायण, संपा. _9167908 |
||
| 245 | 0 | _aकहानी दिवाकर* हिन्दी के प्रतिनिधि कहानीकारों की सर्वश्रेष्ठ, शिक्षाप्रद एंव सरल कहानियों का संग्रह | |
| 246 | _aKahānī divākara: hindī ke pratinidhi kahānīkāroan kī sarvashreṣhṭha, shikṣhāprad eanva saral kahāniyoan kā sangraha | ||
| 260 |
_aनई दिल्ली _b पीताम्बर बुक डिपो _c1981 |
||
| 300 |
_a208पृ. _ccm. |
||
| 650 |
_aहिन्दी साहित्य _9156264 |
||
| 942 |
_hO152,3x, M1 _cTEXL _2CC |
||
| 999 |
_c370655 _d370655 |
||